[Event "RUS-chT Blitz (Women)"]
[Site "Sochi"]
[Date "2023.10.17"]
[Round "10.13"]
[White "Petrukhina, Olga"]
[Black "Asachenko, Ksenia"]
[Result "1-0"]
[WhiteElo "2100"]
[BlackElo "1421"]
[PlyCount "139"]
[EventDate "2023.10.17"]
[EventType "team-tourn (blitz)"]
[EventRounds "13"]
[EventCountry "RUS"]
[SourceTitle "Mega2024 Update 01"]
[Source "Chessbase"]
[SourceDate "2023.11.12"]
[SourceVersion "1"]
[SourceVersionDate "2023.11.12"]
[SourceQuality "1"]
[WhiteTeam "Bashkortostan (W)"]
[BlackTeam "Moscow Botvinnik School (W) II"]
[WhiteTeamCountry "RUS"]
[BlackTeamCountry "RUS"]

1. d4 d5 2. c4 e6 3. Nf3 Nf6 4. g3 Be7 5. Bg2 0-0 6. Nc3 dxc4 7. Ne5 c5 8. dxc5 Bxc5 9. 0-0 Nbd7 10. Nxc4 Nb6 11. Ne5 Rb8 12. Bf4 Nh5 13. Bd2 Qc7 14. Nd3 a6 15. Nxc5 Qxc5 16. Be3 Qc7 17. Rc1 Nc4 18. Ne4 Nxe3 19. Rxc7 Nxd1 20. Rxd1 b5 21. Nc5 a5 22. Nd7 Bxd7 23. Rdxd7 Rbd8 24. Bf3 Nf6 25. Rxd8 Rxd8 26. Rb7 b4 27. Rb5 g6 28. Rxa5 Rd2 29. b3 Rb2 30. Ra4 Kg7 31. Rxb4 Rxa2 32. Rb7 Rb2 33. Kg2 e5 34. Rb4 e4 35. Bxe4 Nxe4 36. Rxe4 Rxb3 37. g4 Rb5 38. h4 h6 39. e3 f5 40. gxf5 gxf5 41. Re6 Rb4 42. Kg3 Rb5 43. Ra6 Rc5 44. Kf3 Rc2 45. Kf4 Rxf2+ 46. Ke5 Rf3 47. Ra7+ Kg8 48. Kf6 Rxe3 49. Kg6 Kf8 50. Kxf5 Rf3+ 51. Kg6 Rf4 52. h5 Rb4 53. Ra8+ Ke7 54. Kxh6 Rb6+ 55. Kh7 Kf6 56. Ra5 Rb7+ 57. Kh6 Rb8 58. Ra6+ Kf7 59. Kh7 Rb5 60. h6 Rb8 61. Ra7+ Kf6 62. Ra6+ Kf7 63. Ra1 Rb6 64. Rf1+ Ke8 65. Kg7 Rb7+ 66. Kg8 Rb6 67. Re1+ Kd7 68. h7 Rg6+ 69. Kf7 Rh6 70. Kg7 1-0

[Event "EU-ch Hybrid U10 Girls"]
[Site "Tornelo INT"]
[Date "2021.10.15"]
[Round "1"]
[White "Kochanowska, Patrycja"]
[Black "Asachenko, Ksenia"]
[Result "0-1"]
[WhiteElo "1089"]
[BlackElo "1382"]
[PlyCount "110"]
[EventDate "2021.10.15"]
[EventType "swiss"]
[EventRounds "9"]
[EventCountry "NET"]
[SourceTitle "EXT 2023"]
[Source "ChessBase"]
[SourceDate "2022.10.05"]
[SourceVersion "1"]
[SourceVersionDate "2022.10.05"]
[SourceQuality "1"]
[WhiteTeam "Poland"]
[BlackTeam "Russia"]
[WhiteTeamCountry "POL"]
[BlackTeamCountry "RUS"]

1. e4 c5 2. Nf3 e6 3. d4 cxd4 4. Nxd4 a6 5. Nc3 Qc7 6. Bd2 Nf6 7. Bd3 Be7 8. 0-0 d6 9. Kh1 Nbd7 10. f4 b5 11. a3 Bb7 12. Qe2 h5 13. Rae1 h4 14. h3 Nh5 15. Kg1 Ng3 16. Qf3 Nxf1 17. Qxf1 Bf6 18. Qf2 Bxd4 19. Qxd4 Qc5 20. Be3 Qxd4 21. Bxd4 e5 22. fxe5 dxe5 23. Bf2 g5 24. Nd5 0-0 25. c4 bxc4 26. Bxc4 Kg7 27. Be3 Rac8 28. Bb3 Nc5 29. Bxc5 Rxc5 30. Ba2 Rc2 31. Rb1 Rfc8 32. Nc3 Rd8 33. Bb3 Rcd2 34. Nd5 Re2 35. Nc3 Bxe4 36. Nxe2 Bxb1 37. Kf2 Rd2 38. Bc4 Rxb2 39. Bxa6 Ra2 40. a4 Rxa4 41. Nc3 Rxa6 42. Nxb1 Ra2+ 43. Kf3 Rb2 44. Ke4 Rxb1 45. Kxe5 Rg1 46. Kf5 Rxg2 47. Ke4 Rg3 48. Kf5 f6 49. Ke4 Rxh3 50. Kf5 Rg3 51. Ke4 h3 52. Kd4 h2 53. Ke4 h1Q+ 54. Kd4 Qd1+ 55. Ke4 Qd3# 0-1

[Event "Wch-ch U08 Girls rapid"]
[Site "Minsk"]
[Date "2019.08.17"]
[Round "6"]
[White "Asachenko, Ksenia"]
[Black "Matskevich, Varvara"]
[Result "0-1"]
[WhiteElo "1169"]
[BlackElo "1108"]
[PlyCount "54"]
[EventDate "2019.08.16"]
[EventType "swiss (rapid)"]
[EventRounds "9"]
[EventCountry "BLR"]
[SourceTitle "EXT 2020"]
[Source "ChessBase"]
[SourceDate "2019.10.17"]
[SourceVersion "1"]
[SourceVersionDate "2019.10.17"]
[SourceQuality "1"]

1. e4 c5 2. Nf3 d6 3. d4 cxd4 4. Nxd4 Nf6 5. Nc3 a6 6. h3 e6 7. g4 b5 8. g5 Nfd7 9. a3 Bb7 10. h4 Nc5 11. Bg2 Be7 12. Be3 Nbd7 13. Qd2 Ne5 14. 0-0-0 Nc4 15. Qe2 Qc7 16. f4 Rc8 17. Bf2 Qa5 18. f5 e5 19. Nf3 Nxa3 20. bxa3 Qxc3 21. Bxc5 Qxc5 22. Rd3 Bxe4 23. Rd2 Qxa3+ 24. Kb1 Bxf5 25. h5 Qb3+ 26. Kc1 Qa2 27. Kd1 Qb1# 0-1